Paroles : Un rayon de soleil - Wiliam Baldé - Statistiques

Statistiques générales
  • Ce quiz a été pris 249 fois
  • Le résultat moyen est 224 sur 280
Statistiques - réponses
Paroles % Correct
de
100%
Un
100%
rayon
99%
soleil
99%
sur
99%
Sur
99%
Ma
98%
ton
97%
le
96%
à
95%
A
95%
main
95%
petit
94%
cul
93%
chemin
90%
Cherche
89%
matin
87%
suspendu
87%
jardin
86%
te
84%
Aux
83%
fleurs
80%
tes
80%
se
75%
la
74%
La
74%
cheveux
72%
"No
65%
no
65%
No
65%
Une
64%
longs
62%
du
61%
Je
57%
Si
57%
si
57%
visage
57%
Et
54%
les
53%
beau
51%
nous
51%
Nous
51%
joue
49%
Joue
49%
corps
48%
mon
48%
cry"
45%
cry
45%
violon
45%
que
44%
woman,
44%
maison
43%
guitare
42%
sèche
42%
Dort
40%
nos
39%
Marley
38%
Par
38%
par
38%
pieds
35%
Tu
35%
pour
34%
Bob
32%
Ses
32%
disque
31%
fenêtre
30%
sales
30%
seigle
30%
Dylan
29%
J'embrasse
28%
voix
28%
plomb
26%
ouverte
25%
respirons
24%
abeilles
23%
L'air
23%
mêle
23%
sommeil
21%
bon
20%
d'émotion
20%
petites
20%
garçon
19%
poussières
18%
ramène
17%
tresses
16%
pâles
14%
rhabilles
11%
ride
10%
Aucun quiz correspondant
Distribution des résultats
% des personnes avec chaque résultat
Percentile par nombre de réponses
Votre historique - résultats
Vous n’avez pas pris ce quiz